000 02249cam a2200433 a 4500
001 15186955
003 OSt
005 20211110154920.0
008 080220s2008 nyua f 001 0 eng
010 _a 2008008030
015 _aGBA847347
_2bnb
016 7 _a014566207
_2Uk
020 _a9780071545266 (alk. paper)
035 _a(OCoLC)ocn199466141
035 _a(OCoLC)199466141
_z(OCoLC)166367451
038 _akhadija
040 _aDLC
_cDLC
_dYDX
_dBAKER
_dBTCTA
_dYDXCP
_dBIB
_dUKM
_dJED
_dDLC
050 0 0 _aTL400
_b.G689 2008
082 0 0 _a629.227
_222
_bGAR
100 1 _aGraham, Brad.
_983759
245 1 0 _aBike, scooter, and chopper projects for the evil genius /
_cBrad Graham, Kathy McGowan.
260 _aNew York :
_bMcGraw-Hill,
_cc2008.
300 _axi, 300 p. :
_bill. ;
_c28 cm.
440 0 _aEvil genius series
_983581
500 _aIncludes index.
505 0 _aProject 1: a complete bicycle autopsy -- Project 2: the Gladiator Chopper -- Project 3: Old Skool Attitude -- Project 4: Whippersnapper -- Project 5: Streetfox Tadpole trike -- Project 6: Deltawolf racing trike -- Project 7: Little Warrior trike -- Project 8: Spincycle stunt trike -- Project 9: UCan2 handcycle -- Project 10: Skystyle tallbike -- Project 11: Sparky minibike -- Project 12: Longranger scooter -- Project 13: Silent Speedster -- Project 14: Kids' electric trike.
563 _aPB
650 0 _aBicycles
_xDesign and construction
_vAmateurs' manuals.
_983760
650 0 _aTricycles
_xDesign and construction
_vAmateurs' manuals.
_983761
650 0 _aPedicabs
_xDesign and construction
_vAmateurs' manuals.
_983762
650 0 _aMotor scooters
_xDesign and construction
_vAmateurs' manuals.
_983763
700 1 _aMcGowan, Kathy.
_983764
856 4 1 _3Table of contents only
_uhttp://www.loc.gov/catdir/enhancements/fy0814/2008008030-t.html
856 4 2 _3Contributor biographical information
_uhttp://www.loc.gov/catdir/enhancements/fy0814/2008008030-b.html
856 4 2 _3Publisher description
_uhttp://www.loc.gov/catdir/enhancements/fy0814/2008008030-d.html
906 _a7
_bcbc
_corignew
_d1
_eecip
_f20
_gy-gencatlg
942 _2ddc
_cBK
999 _c32866
_d32866